| 000 | 00666nam a2200205 a 4500 | ||
|---|---|---|---|
| 005 | 20140412111307.0 | ||
| 008 | 010426s19uu xx 00 eng d | ||
| 020 | _a0-525-44720-2 | ||
| 050 |
_aTR(PS E _bGu93 1991 |
||
| 100 | _aHimmelman, John | ||
| 245 |
_aA guest is a guest / _cby John Himmelman. |
||
| 250 | _a1st Ed. | ||
| 260 |
_aNew York : _bDutton Children's Books, _c1991. |
||
| 300 | _a1v. (unp.) ; ill. | ||
| 520 | _aChaos prevails when the barnyard animals decide to live in the house with Farmer Beanbuckets and his family. | ||
| 650 | _aHumurous stories | ||
| 650 | _aDomestic animals-Fiction | ||
| 650 | _aFarm life-Fiction | ||
| 999 |
_c103734 _d103734 |
||